उत्तराधिकारी / (Record no. 116016)

MARC details
000 -LEADER
fixed length control field 01083nam a22002897a 4500
003 - CONTROL NUMBER IDENTIFIER
control field dpl
005 - DATE AND TIME OF LATEST TRANSACTION
control field 20180626122621.0
008 - FIXED-LENGTH DATA ELEMENTS--GENERAL INFORMATION
fixed length control field 180626b xxu||||| |||| 00| 0 eng d
010 ## - LIBRARY OF CONGRESS CONTROL NUMBER
LC control number A-883514, A-883531
020 ## - INTERNATIONAL STANDARD BOOK NUMBER
Terms of availability 140.00
035 ## - SYSTEM CONTROL NUMBER
System control number A-883514
037 ## - SOURCE OF ACQUISITION
Source of stock number/acquisition Cen Lib/Ret
040 ## - CATALOGING SOURCE
Original cataloging agency DPL
Language of cataloging HN
Transcribing agency 0
082 ## - DEWEY DECIMAL CLASSIFICATION NUMBER
Classification number
Item number त्रिवेदी
100 ## - MAIN ENTRY--PERSONAL NAME
Personal name त्रिवेदी, क्रांति
9 (RLIN) 40
245 ## - TITLE STATEMENT
Title उत्तराधिकारी /
Statement of responsibility, etc क्रांति त्रिवेदी
246 ## - VARYING FORM OF TITLE
Title proper/short title Uttradhikari
Remainder of title by Kranti Trivedi
260 ## - PUBLICATION, DISTRIBUTION, ETC. (IMPRINT)
Place of publication, distribution, etc नई दिल्ली
Name of publisher, distributor, etc नीलकंठ प्रकाशन
Date of publication, distribution, etc 1992
270 ## - ADDRESS
Address महरौली
City नई दिल्ली
Postal code 110030
300 ## - PHYSICAL DESCRIPTION
Extent 171पृष्ठ.
Dimensions 20सेमी(सजिल्द)
490 ## - SERIES STATEMENT
Series statement
650 ## - SUBJECT ADDED ENTRY--TOPICAL TERM
Topical term or geographic name as entry element हिंदी साहित्य
9 (RLIN) 64396
650 ## - SUBJECT ADDED ENTRY--TOPICAL TERM
Topical term or geographic name as entry element हिंदी उपन्यास
9 (RLIN) 64397
650 ## - SUBJECT ADDED ENTRY--TOPICAL TERM
Topical term or geographic name as entry element Hindi literature
9 (RLIN) 64398
650 ## - SUBJECT ADDED ENTRY--TOPICAL TERM
Topical term or geographic name as entry element hindi novel
9 (RLIN) 64399
942 ## - ADDED ENTRY ELEMENTS (KOHA)
Source of classification or shelving scheme Dewey Decimal Classification
Koha item type Hindi Books
Classification part
Call number suffix त्रिवेदी
Holdings
Withdrawn status Lost status Damaged status Not for loan Home library Current library Date acquired Source of acquisition Cost, normal purchase price Total Checkouts Full call number Barcode Date last seen Copy number Cost, replacement price Price effective from Koha item type Public note Source of classification or shelving scheme Collection code
        Central Library Central Library 22/08/2015 Cen Lib/Ret 140.00   उ त्रिवेदी A-883514 22/08/2015 1 140.00 22/08/2015 Hindi Books Legal Case (Register 2019)    
        Shahdara Branch Shahdara Branch 26/06/2018 BPPD/PUB 140.00   उ त्रिवेदी A -883531 26/06/2018   140.00 26/06/2018 Hindi Books   Dewey Decimal Classification Non-fiction
        Shahdara Branch Shahdara Branch 28/06/2018 BPPD/PUB 140.00   उ त्रिवेदी A-883531 28/06/2018   140.00 28/06/2018 Hindi Books   Dewey Decimal Classification Fiction

© Delhi Public Library
Hit Counter
free hit counter